000 00591nam a22001817a 4500
003 URS
005 20251025145139.0
008 251025b |||||||| |||| 00| 0 eng d
040 _cURS
100 _aMalkopoulou, Anthoula
_eAuthor
245 _aMaking Constituencies: Represenatation as Mobilization in Mass Democracy/
_cAnthoula Malkopoulou
300 _apages 295-296
336 _2rdacontent
_atext
_btxt
337 _2rdamedia
_aunmediated
_bn
338 _2rdacarrier
_avolume
_bnc
773 0 _07583
_993000
_oPIL-00323195.138.2
_tPolitical science quarterly:
_x00323195
942 _2ddc
_cCR
999 _c88495
_d88492